Modelové príklady účtovania transferov vo verejnej správe
Ilustračné príklady k účtovaniu transférov vo verejnej správe.
Saved in:
| Main Author: | |
|---|---|
| Format: | Book Chapter |
| Language: | Slovak |
| Subjects: | |
| Tags: |
No Tags, Be the first to tag this record!
|
MARC
| LEADER | 00000naa a2200000 4500 | ||
|---|---|---|---|
| 001 | 0169949 | ||
| 005 | 20231120124214.8 | ||
| 041 | 0 | |a slo | |
| 044 | |a SK | ||
| 245 | 1 | 0 | |a Modelové príklady účtovania transferov vo verejnej správe |c Janka Mráziková |
| 520 | |a Ilustračné príklady k účtovaniu transférov vo verejnej správe. | ||
| 610 | 2 | 0 | |a správa verejná |
| 610 | 2 | 0 | |a organizácie rozpočtové |
| 610 | 2 | 0 | |a obce |
| 610 | 2 | 0 | |a účtovanie |
| 100 | 1 | |a Mráziková, Janka | |